000 00210nam a22000857a 4500
008 161111b xxu||||| |||| 00| 0 eng d
100 _91125
_aBPI INDIA
245 _aRabbits Gift
260 _aNew Delhi
_bBPI India
_c2011
999 _c3786
_d3786